Zdaňovanie príjmov z rôznych aktivít fyzických osôb

Taxislužba, sprostredkovanie zamestnania za úhradu, činnosť energetického audítora, činnosť mediátora - stručne k základným zásadám zdaňovania týchto príjmov.

Gespeichert in:
Bibliographische Detailangaben
1. Verfasser: Jarinkovičová, Valéria
Format: Buchkapitel
Sprache:Slowakisch
Schlagworte:
Tags: Tag hinzufügen
Keine Tags, Fügen Sie das erste Tag hinzu!

MARC

LEADER 00000naa a2200000 4500
001 0176813
005 20231114103314.3
041 0 |a slo 
044 |a SK 
245 1 0 |a Zdaňovanie príjmov z rôznych aktivít fyzických osôb  |c Valéria Jarinkovičová 
520 |a Taxislužba, sprostredkovanie zamestnania za úhradu, činnosť energetického audítora, činnosť mediátora - stručne k základným zásadám zdaňovania týchto príjmov. 
610 2 0 |a osoby fyzické 
610 2 0 |a zdaňovanie 
610 2 0 |a príjmy 
100 1 |a Jarinkovičová, Valéria